[Event "Zalakaros Barczay Memorial"]
[Site "Zalakaros"]
[Date "2020.09.01"]
[Round "2"]
[White "Stifter, Ewald"]
[Black "Bodrogi, Bendeguz"]
[Result "1-0"]
[WhiteElo "1937"]
[BlackElo "2146"]
[PlyCount "98"]
[EventDate "2020.08.31"]
[EventType "swiss"]
[EventRounds "7"]
[EventCountry "HUN"]
[SourceTitle "CBM 198 Extra"]
[Source "ChessBase"]
[SourceDate "2020.11.30"]
[SourceVersion "1"]
[SourceVersionDate "2020.11.30"]
[SourceQuality "1"]

1. Nf3 c5 2. g3 Nc6 3. d4 cxd4 4. Nxd4 g6 5. Bg2 Bg7 6. Nxc6 bxc6 7. 0-0 Nf6 8. Nc3 0-0 9. e4 e6 10. Qd6 Ne8 11. Qd2 d5 12. b3 Nd6 13. Rb1 Qc7 14. Ba3 Rd8 15. Rfd1 Ba6 16. Bxd6 Qxd6 17. Na4 Qe7 18. Qa5 Bb5 19. Nb2 Rab8 20. a4 Be2 21. Re1 Bh5 22. Nd3 g5 23. exd5 cxd5 24. Bxd5 Bg6 25. Bc4 h5 26. Ne5 Qf6 27. Nxg6 Qxg6 28. Bd3 Qh6 29. Qxa7 h4 30. Qe3 Bd4 31. Qf3 Kg7 32. g4 Bb6 33. Re5 Rd4 34. Re4 Rxe4 35. Qxe4 Qf6 36. Rf1 Rd8 37. Qc6 Rd4 38. h3 Bd8 39. Qg2 Bc7 40. Re1 Rf4 41. Re4 Rf3 42. Be2 Rc3 43. Bd3 Bb6 44. Rc4 Rxc4 45. Bxc4 Qc3 46. Bd3 Qe1+ 47. Qf1 Qb4 48. Qc1 Qc5 49. Qd2 Qe5 1-0

[Event "Zalakaros op 32nd"]
[Site "Zalakaros"]
[Date "2013.05.23"]
[Round "2"]
[White "Stifter, Ewald"]
[Black "Almasi, Istvan"]
[Result "0-1"]
[WhiteElo "2013"]
[BlackElo "2389"]
[PlyCount "54"]
[EventDate "2013.05.22"]
[EventType "swiss"]
[EventRounds "9"]
[EventCountry "HUN"]
[SourceTitle "CBM 154 Extra"]
[Source "ChessBase"]
[SourceDate "2013.06.25"]
[SourceVersion "2"]
[SourceVersionDate "2013.06.25"]
[SourceQuality "1"]

1. Nf3 c5 2. g3 Nc6 3. d4 cxd4 4. Nxd4 g6 5. Bg2 Bg7 6. Nb3 d6 7. c4 a5 8. Na3 a4 9. Nd2 Nf6 10. 0-0 0-0 11. Nf3 Nd7 12. e4 Nc5 13. Qe2 Bg4 14. Qe3 Qd7 15. Rb1 f5 16. e5 Bxf3 17. Bxf3 Bxe5 18. Nb5 f4 19. Qe2 Qf5 20. Bxf4 Bxf4 21. gxf4 Nd3 22. Qe4 Nxf4 23. Qxf5 gxf5 24. Rfe1 Kf7 25. Re3 Ne5 26. Bxb7 Rab8 27. Kh1 Nxc4 0-1

[Event "Balaton op 30th"]
[Site "Heviz"]
[Date "2012.09.27"]
[Round "5"]
[White "Stifter, Ewald"]
[Black "Kincs, Imre"]
[Result "1/2-1/2"]
[WhiteElo "2001"]
[BlackElo "2167"]
[PlyCount "93"]
[EventDate "2012.09.23"]
[EventType "swiss"]
[EventRounds "9"]
[EventCountry "HUN"]
[SourceTitle "CBM 150 Extra"]
[Source "ChessBase"]
[SourceDate "2012.10.19"]
[SourceVersion "1"]
[SourceVersionDate "2012.10.19"]
[SourceQuality "1"]

1. Nf3 d5 2. g3 Nf6 3. Bg2 Bg4 4. d4 e6 5. 0-0 Nbd7 6. Nbd2 Bd6 7. c3 h6 8. Re1 c5 9. e4 cxd4 10. exd5 dxc3 11. dxe6 Bxe6 12. bxc3 0-0 13. Nb3 Nb6 14. Be3 Rc8 15. Bd4 Ba3 16. Qe2 Re8 17. Qb5 Qd5 18. Re5 Qxb5 19. Rxb5 Bb2 20. Rb1 Bxc3 21. Bxb6 axb6 22. Rxb6 Bd5 23. Nfd4 Bxd4 24. Nxd4 Bxa2 25. Ra1 Nd5 26. Rxb7 Nc3 27. Bf3 Rc5 28. Ra7 Rd8 29. Ra8 Rxa8 30. Bxa8 g6 31. Kg2 Ra5 32. Bf3 Kg7 33. Nc6 Ra4 34. Rc1 Ne4 35. Ne5 h5 36. Rc2 Bd5 37. Re2 g5 38. Bxe4 Bxe4+ 39. f3 Ba8 40. Kf2 g4 41. fxg4 hxg4 42. Rc2 Bd5 43. Rd2 Be6 44. Ke3 f6 45. Nc6 Ra3+ 46. Rd3 Rxd3+ 47. Kxd3 1/2-1/2

[Event "Balaton op 30th"]
[Site "Heviz"]
[Date "2012.09.24"]
[Round "2"]
[White "Hardicsay, Peter"]
[Black "Stifter, Ewald"]
[Result "1-0"]
[WhiteElo "2266"]
[BlackElo "2001"]
[PlyCount "65"]
[EventDate "2012.09.23"]
[EventType "swiss"]
[EventRounds "9"]
[EventCountry "HUN"]
[SourceTitle "CBM 150 Extra"]
[Source "ChessBase"]
[SourceDate "2012.10.19"]
[SourceVersion "1"]
[SourceVersionDate "2012.10.19"]
[SourceQuality "1"]

1. c4 Nf6 2. Nc3 d5 3. cxd5 Nxd5 4. Nf3 g6 5. Qa4+ Nc6 6. Ne5 Nxc3 7. dxc3 Bd7 8. Nxd7 Qxd7 9. g3 Bg7 10. Bg2 0-0 11. 0-0 Rfd8 12. Qb3 Ne5 13. Qxb7 Rab8 14. Qe4 a5 15. Bf4 f5 16. Qc2 Qb5 17. b3 c5 18. Rad1 Qb6 19. Rxd8+ Rxd8 20. Rd1 Nf7 21. Bd5 Rf8 22. Bxf7+ Rxf7 23. c4 h6 24. Qd2 Kh7 25. Qd5 Qf6 26. Qxc5 e5 27. Bc1 f4 28. f3 h5 29. Kg2 Qf5 30. Qd5 Qf6 31. Qe4 Kh6 32. c5 g5 33. Rd6 1-0

[Event "Balaton op 30th"]
[Site "Heviz"]
[Date "2012.09.23"]
[Round "1"]
[White "Stifter, Ewald"]
[Black "Csala, Imre"]
[Result "1/2-1/2"]
[WhiteElo "2001"]
[BlackElo "2198"]
[PlyCount "43"]
[EventDate "2012.09.23"]
[EventType "swiss"]
[EventRounds "9"]
[EventCountry "HUN"]
[SourceTitle "CBM 150 Extra"]
[Source "ChessBase"]
[SourceDate "2012.10.19"]
[SourceVersion "1"]
[SourceVersionDate "2012.10.19"]
[SourceQuality "1"]

1. g3 g6 2. Bg2 Bg7 3. Nf3 e5 4. d3 d5 5. 0-0 Ne7 6. c4 c6 7. cxd5 Nxd5 8. Qc2 0-0 9. Bg5 Qd7 10. Qd2 Re8 11. Bh6 Bh8 12. Ng5 Na6 13. Nc3 Nxc3 14. bxc3 Nc5 15. Qc2 Qe7 16. Rab1 Ne6 17. Nxe6 Qxe6 18. a4 a5 19. Qb3 Bg7 20. Bxg7 Kxg7 21. Qxe6 Rxe6 22. Rb6 1/2-1/2

[Event "Zalakaros op 31st"]
[Site "Zalakaros"]
[Date "2012.06.11"]
[Round "4"]
[White "Stifter, Ewald"]
[Black "Ianov, Viktor"]
[Result "0-1"]
[WhiteElo "2059"]
[BlackElo "2327"]
[PlyCount "60"]
[EventDate "2012.06.08"]
[EventType "swiss"]
[EventRounds "9"]
[EventCountry "HUN"]
[SourceTitle "EXT 2014"]
[Source "ChessBase"]
[SourceDate "2013.11.20"]
[SourceVersion "1"]
[SourceVersionDate "2013.11.20"]
[SourceQuality "1"]

1. g3 c5 2. Bg2 Nc6 3. Nf3 e5 4. d3 g6 5. c4 Bg7 6. 0-0 Nge7 7. Bd2 d6 8. Nc3 0-0 9. e4 h6 10. h3 f5 11. Nd5 Nxd5 12. cxd5 Ne7 13. b4 b6 14. b5 a6 15. a4 Bd7 16. Qb3 Qc7 17. Bc3 f4 18. Nxe5 Bxe5 19. Bxe5 f3 20. Bxf3 Rxf3 21. Kg2 Rf7 22. Bb2 g5 23. Qc3 Ng6 24. f4 gxf4 25. gxf4 Qd8 26. Kh2 Qh4 27. Rf3 Kh7 28. Rg1 Ne5 29. fxe5 Rxf3 30. Rg7+ Kh8 0-1

[Event "Zalakaros op 30th"]
[Site "Zalakaros"]
[Date "2011.05.26"]
[Round "7"]
[White "Kabai, Zsuzsanna"]
[Black "Stifter, Ewald"]
[Result "1/2-1/2"]
[WhiteElo "2128"]
[BlackElo "2075"]
[PlyCount "75"]
[EventDate "2011.05.20"]
[EventType "swiss"]
[EventRounds "9"]
[EventCountry "HUN"]
[SourceTitle "CBM 142 Extra"]
[Source "ChessBase"]
[SourceDate "2011.06.27"]
[SourceVersion "1"]
[SourceVersionDate "2011.06.27"]
[SourceQuality "1"]

1. d4 Nf6 2. Nf3 c6 3. c4 d5 4. e3 Bf5 5. Nc3 e6 6. Nh4 Bg6 7. Be2 dxc4 8. Nxg6 hxg6 9. Bxc4 Nbd7 10. h3 Be7 11. 0-0 0-0 12. a4 e5 13. Qb3 exd4 14. exd4 Nb6 15. Be3 Nxc4 16. Qxc4 Nd5 17. Rad1 a5 18. Rfe1 Re8 19. Re2 Bb4 20. Nxd5 Qxd5 21. Qxd5 cxd5 22. Rc2 Rac8 23. Rdc1 Rxc2 24. Rxc2 Re7 25. Rc8+ Kh7 26. Rd8 Rc7 27. Rxd5 Rc2 28. Rd7 Kg8 29. d5 Rxb2 30. d6 Rb1+ 31. Kh2 f6 32. Bb6 Rd1 33. Bc7 Rd5 34. Rd8+ Kf7 35. Rd7+ Kf8 36. Rd8+ Kf7 37. Rd7+ Kf8 38. Rd8+ 1/2-1/2

[Event "Zalakaros op 30th"]
[Site "Zalakaros"]
[Date "2011.05.22"]
[Round "3"]
[White "Stifter, Ewald"]
[Black "Lacha, Jan"]
[Result "1/2-1/2"]
[WhiteElo "2075"]
[BlackElo "1953"]
[PlyCount "41"]
[EventDate "2011.05.20"]
[EventType "swiss"]
[EventRounds "9"]
[EventCountry "HUN"]
[SourceTitle "CBM 142 Extra"]
[Source "ChessBase"]
[SourceDate "2011.06.27"]
[SourceVersion "1"]
[SourceVersionDate "2011.06.27"]
[SourceQuality "1"]

1. Nf3 e6 2. g3 d5 3. d4 c6 4. Bg2 f5 5. b3 Nf6 6. Bb2 Bd6 7. 0-0 0-0 8. c4 b6 9. Nbd2 Bb7 10. Ne5 Ne4 11. Ndf3 g5 12. Nd3 Nd7 13. Nfe5 Nxe5 14. Nxe5 Bxe5 15. dxe5 Rf7 16. Qc2 Rc8 17. f3 Nc5 18. Rad1 Qf8 19. Qd2 Qg7 20. Qd4 dxc4 21. Qxc4 1/2-1/2

[Event "Graz op-B 12th"]
[Site "Graz"]
[Date "2005.09.07"]
[Round "5"]
[White "Vilits, Andreas"]
[Black "Stifter, Ewald"]
[Result "1-0"]
[WhiteElo "1828"]
[BlackElo "1994"]
[PlyCount "57"]
[EventDate "2005.09.03"]
[EventType "swiss"]
[EventRounds "9"]
[EventCountry "AUT"]
[SourceTitle "EXT 2024"]
[Source "ChessBase"]
[SourceDate "2023.10.10"]
[SourceVersion "1"]
[SourceVersionDate "2023.10.10"]
[SourceQuality "1"]

1. d4 c5 2. d5 Nf6 3. c4 b5 4. cxb5 a6 5. b6 Qxb6 6. Nc3 d6 7. e4 g6 8. Nf3 Bg7 9. Nd2 0-0 10. a4 a5 11. Nc4 Qd8 12. Bd3 Na6 13. 0-0 Nb4 14. Be2 Ba6 15. f4 Nd7 16. Ra3 Nb6 17. Nb5 Rb8 18. Rh3 Nxa4 19. Nba3 Nb6 20. f5 Nd7 21. Qe1 Re8 22. Qh4 Nf8 23. fxg6 hxg6 24. Bh6 Bd4+ 25. Kh1 Bc8 26. Bg4 Bxg4 27. Qxg4 Nh7 28. Rxf7 Qc8 29. Qxg6+ 1-0

[Event "Graz op-B 12th"]
[Site "Graz"]
[Date "2005.09.06"]
[Round "4"]
[White "Stifter, Ewald"]
[Black "Wachmann, Hermann"]
[Result "1-0"]
[WhiteElo "1994"]
[BlackElo "1783"]
[PlyCount "57"]
[EventDate "2005.09.03"]
[EventType "swiss"]
[EventRounds "9"]
[EventCountry "AUT"]
[SourceTitle "EXT 2024"]
[Source "ChessBase"]
[SourceDate "2023.10.10"]
[SourceVersion "1"]
[SourceVersionDate "2023.10.10"]
[SourceQuality "1"]

1. g3 g6 2. c4 Bg7 3. Nc3 c6 4. Bg2 Nf6 5. e4 d6 6. d4 0-0 7. h3 Na6 8. Nf3 Nc7 9. 0-0 Rb8 10. a4 Be6 11. d5 cxd5 12. cxd5 Bd7 13. Be3 b6 14. Qd3 Bc8 15. Nd4 Bb7 16. Rfc1 Nd7 17. b4 a6 18. f4 Rc8 19. Nc6 Qe8 20. Ra2 e6 21. Re2 Nb8 22. Na7 Rd8 23. Bxb6 Rd7 24. b5 Na8 25. Bf2 axb5 26. axb5 Qe7 27. Nc6 Qe8 28. Na4 h6 29. Rec2 1-0